US States by Order of Statehood - Statistics

General Stats
  • This quiz has been taken 2,290 times
  • The average score is 27 of 50
Answer Stats
President at the Time Date of Statehood # State % Correct
(none) December 7, 1787 1 Delaware
96%
December 12, 1787 2 Pennsylvania
88%
December 18, 1787 3 New Jersey
82%
January 2, 1788 4 Georgia
76%
February 6, 1788 6 Massachusetts
74%
July 26, 1788 11 New York
74%
January 9, 1788 5 Connecticut
73%
April 28, 1788 7 Maryland
72%
June 25, 1788 10 Virginia
72%
June 21, 1788 9 New Hampshire
68%
George Washington November 21, 1789 12 North Carolina
68%
George Washington May 29, 1790 13 Rhode Island
68%
May 23, 1788 8 South Carolina
68%
George Washington March 4, 1791 14 Vermont
67%
August 21, 1959 50 Hawaii
65%
Dwight D. Eisenhower January 3, 1959 49 Alaska
64%
Thomas Jefferson March 1, 1803 17 Ohio
63%
George Washington June 1, 1792 15 Kentucky
62%
George Washington June 1, 1796 16 Tennessee
61%
December 11, 1816 19 Indiana
54%
James Madison April 30, 1812 18 Louisiana
53%
February 14, 1912 48 Arizona
52%
March 15, 1820 23 Maine
51%
William Taft January 6, 1912 47 New Mexico
51%
December 14, 1819 22 Alabama
50%
December 3, 1818 21 Illinois
50%
James Monroe December 10, 1817 20 Mississippi
50%
James K. Polk December 29, 1845 28 Texas
48%
August 10, 1821 24 Missouri
47%
Millard Fillmore September 9, 1850 31 California
46%
Theodore Roosevelt November 16, 1907 46 Oklahoma
46%
John Tyler March 3, 1845 27 Florida
45%
Andrew Jackson January 26, 1837 26 Michigan
45%
Abraham Lincoln June 20, 1863 35 West Virginia
45%
Andrew Jackson June 15, 1836 25 Arkansas
44%
December 28, 1846 29 Iowa
41%
January 29, 1861 34 Kansas
41%
Grover Cleveland January 4, 1896 45 Utah
41%
May 29, 1848 30 Wisconsin
41%
February 14, 1859 33 Oregon
40%
Ulysses S. Grant August 1, 1876 38 Colorado
38%
July 3, 1890 43 Idaho
38%
James Buchanan May 11, 1858 32 Minnesota
38%
November 8, 1889 41 Montana
38%
Benjamin Harrison November 2, 1889 39 North Dakota
38%
November 2, 1889 40 South Dakota
38%
November 11, 1889 42 Washington
38%
July 10, 1890 44 Wyoming
38%
October 31, 1864 36 Nevada
37%
Andrew Johnson March 1, 1867 37 Nebraska
36%
No matching quizzes found
Score Distribution
Percent of People with Each Score
Percentile by Number Answered
Your Score History
You have not taken this quiz